00789 2200289 4500001002100000005001500021035002000036100002500056245005900081264004600140264000900186300002500195336002800220337003000248338002300278650002000301850001200321006001800333008004100351040002200392082000800414084001400422007000300436020002200439250001400461990002400475INLIS00000000002233520190514112705 a0010-05190000310 aTere LiyeePengarang1 aDaun yang jatuh tak pernah membenci angin /cTere Liye aJakarta: :bGramedia Pustaka Utama,c2019 a:b, a256 halaman ;c30 cm 2rdacontentateks taktil 2rdamediaatanpa perantara 2rdacarrieravolume aFiksi Indonesia aJKPNPNAa gf 00| |190514 e 0 ind  aJKPNPNAbInderda aFIK aFIK TER dta a978-602-033-160-7 acetakan 3 a180/B/DINARPUS/2019